1809 1380 1796 1870 1107 1512 1575 1305 1311 1939 1832 1485 1785 1053 1952 1830 1378 1946 1030 1572 1456 1947 1119 1349 1498 1856 1362 1103 1973 1106 1019 1685 1145 1571 1445 1312 1226 1932 1510 1777 1568 1338 1975 1077 1598 1872 1118 1015 1185 1439 1729 1531 1009 1301 1743 1528 1711 1240 1308 1632 1502 1523 1058 1885 1125 1875 1074 1810 1868 1603 1188 1921 1998 1584 1479 1210 1719 1602 1272 1022 1809 1252 1302 1967 1171 1781 1701 1258 1863 1002 1058 1323 1948 1556 1410 1618 1476 1101 1932 BCNSPRNW ULIB Ver.6.0+V

เปลี่ยนเป็นภาษาไทย

Change to English
 แสดงรายละเอียดบรรณานุกรม
  กลับหน้าหลัก

Brief Record : Get Marc (ISO 2709) : E-mail record : QR code < ปิดหน้าต่าง
LEADER : 00000nam 2200000uu 4500
001    13399128201
003     ULIB
008    220815s2021||||th 000 0 tha d
020    ^a9781119603191
060 00 ^aWY128^bT374
130 0  ^aClinical case studies for the family nurse practitioner.
245 00 ^aThe family nurse practitioner :^bclinical case studies /^c[edited by] Leslie Neal-Boylan.
250    ^aSecond edition.
260    ^aHoboken, NJ :^bWiley-Blackwell,^c2021.
300    ^a1 online resource.
490 1  ^aCase studies in nursing
500    ^aPreceded by Clinical case studies for the family nursepractitioner / [edited by] Leslie Neal-Boylan. 2011.
504    ^aIncludes bibliographical references and index.
505 0  ^aThe neonate -- The infant -- The toddler/preschool child -- The school aged child -- The adolescent -- Women shealth -- Men s health -- General adult health -- Mentalhealth -- The older adult -- Resolutions for all cases.
520    ^aThe purpose of this book is to help clinicians andstudents better understand how to diagnose and managetypical (and some atypical) patient cases. While the focusis on the Nurse Practitioner role, this book will beuseful to other patient care providers, such as physiciansand physician s assistants. The contributing authors haveworked hard to update cases from the first edition of thebook to better reflect patient-centered language andadvances in care. We have developed several new cases,such as one on climate change, to assist clinicians withscenarios that were not as predominant as they are today.We have presented a variety of patients in these caseswith regard to age, gender preference, socioeconomicstatus, family status and other considerations. However,please don t hesitate to alter these demographics totailor the cases for your specific needs--^cProvided bypublisher.
590    ^aWiley Frontlist Obook All English 2020
650  0 ^aFamily nursing^vCase studies.
650  0 ^aNurse practitioners^vCase studies.
650 12 ^aFamily Nurse Practitioners.
650 12 ^aFamily Nursing.
650 22 ^aPrimary Care Nursing.
691    ^aMahidol University^vElectronic books
700 1  ^aNeal-Boylan, Leslie,^eeditor.
776 08 ^iPrint version:^aClinical case studies for the familynurse practitioner.^tThe family nurse practitioner^bSecondedition.^dHoboken, NJ : Wiley-Blackwell, 2021.^z9781119603191^w(DLC) 2020026509
830  0 ^aCase studies in nursing.
945    ^p0^l0^i009305
999    ^aประนอม เกษจรัล
รายการนี้ยังไม่มีแท็ก
คุณยังไม่ได้ล็อกอิน คุณสามารถมีกิจกรรมร่วมกับเว็บไซต์ได้ แต่ต้องล็อกอินก่อน ::
  ล็อกอิน

รายการสื่อสารสนเทศ

ลำดับที่ ประเภท เลขเรียก/บาร์โค้ด สถานที่ สถานะ
1. Book การพยาบาล
หนังสือสำรอง
สถานะ=หนังสือสำรอง
WY128 T374 ฉ.1 
  Barcode: 009305
ห้องสมุดวิทยาเขตสวรรค์ประชารักษ์
►หนังสือทั่วไป
บนชั้น

รายการใกล้เคียง
    หัวเรื่อง [Family Nursing.]
    หัวเรื่อง [Primary Care Nursing.]

BibComment


ยังไม่เคยถูกคอมเมนท์

คอมเมนท์ทรัพยากรรายการนี้
  คอมเมนท์: The family nurse..


 Copyright 2026. Bcnsprnw @Library